|
|
|
|
| LEADER |
00000nab a2200000 a 4500 |
| 001 |
vtls000359768 |
| 003 |
SK-MaSNL |
| 005 |
20260303002445.0 |
| 008 |
111201c1989 xo 0 slo |
| 015 |
|
|
|a SNBRB19rr/mm-uuuuu
|
| 035 |
|
|
|a CL0359890
|
| 040 |
|
|
|a SNKBUCL
|b slo
|c SNKBUCL
|e AACR2
|
| 041 |
0 |
|
|a slo
|
| 044 |
|
|
|a xo
|c SK
|
| 080 |
|
|
|a 796.61.093.53
|2 1981
|
| 100 |
1 |
|
|a Lučanič, Ľudovít,
|d 1959-
|4 aut
|9 5542
|
| 245 |
1 |
0 |
|a Reprezentačné tričká v šedi priemeru
|c Ľudovít Lučanič
|
| 650 |
0 |
7 |
|a cestná cyklistika
|2 snkbucl
|9 75789
|
| 650 |
0 |
7 |
|a Okolo Slovenska 1989
|2 snkbucl
|9 979126
|
| 651 |
|
7 |
|a 5210
|2 snkbucl
|9 276500
|
| 655 |
|
7 |
|a články z novín a časopisov
|2 snkbucl
|9 267496
|
| 773 |
0 |
|
|t Šport
|g Roč. 43, č. 189 (12. 8. 1989), s. 6
|
| 850 |
|
|
|a Slovenská národná knižnica v Martine
|a MTA001
|
| 852 |
|
|
|a SNK
|b KIS3GCP
|
| 958 |
|
|
|a RK
|
| 992 |
|
|
|a RBX
|
| 999 |
|
|
|c 1568021
|d 1569951
|